Jeremy's Favorite Albums - Statistics

General Stats
  • This quiz has been taken 48 times
    33 since last reset
  • The average score is 20 of 69
Answer Stats
# Album(s) Answer % Correct
2 Nevermind, In Utero Nirvana
100%
5 OK Computer, In Rainbows, Kid A, A Moon Shaped Pool, Hail to the Thief Radiohead
96%
1 The Black Parade, I Brought You My Bullets You Brought Me Your Love My Chemical Romance
89%
2 Animals, The Dark Side of the Moon Pink Floyd
89%
2 good kid m.A.A.d city, To Pimp a Butterfly Kendrick Lamar
82%
1 The Joshua Tree U2
82%
1 Rage Against the Machine Rage Against the Machine
79%
1 SOUR Olivia Rodrigo
68%
1 The Downward Spiral Nine Inch Nails
64%
1 Igor Tyler, the Creator
64%
1 Red (Taylor's Version) Taylor Swift
61%
2 Meteora, Hybrid Theory Linkin Park
57%
1 Dirt Alice in Chains
54%
1 Nebraska Bruce Springsteen
54%
3 White Pony, Koi no yokan, Around the Fur Deftones
54%
1 Blurryface Twenty One Pilots
54%
1 In the Aeroplane Over the Sea Neutral Milk Hotel
50%
1 1000 gecs 100 gecs
46%
1 Horses Patti Smith
43%
1 Songs for the Deaf Queens of the Stone Age
43%
1 Stick Season Noah Kahan
39%
1 A Rush of Blood to the Head Coldplay
36%
1 Spiderland Slint
32%
1 F♯A♯∞ Godspeed You! Black Emperor
29%
1 Twin Fantasy Car Seat Headrest
25%
2 The Moon & Antarctica, The Lonesome Crowded West Modest Mouse
25%
2 Sempiternal, POST HUMAN: SURVIVAL HORROR Bring Me the Horizon
21%
1 Sunbather Deafheaven
21%
1 Red King Crimson
21%
1 I Disagree Poppy
21%
1 Things Fall Apart The Roots
21%
4 DeAnn, American Heartbreak, Zach Bryan, Elisabeth Zach Bryan
21%
1 Dangerous: The Double Album Morgan Wallen
18%
2 of Beauty and Rage, Until We Have Faces Red
18%
1 Relationship of Command At the Drive-In
14%
1 The Devil and God are Raging Inside Me Brand New
14%
1 End Hits Fugazi
14%
2 Appeal to Reason, The Sufferer & the Witness Rise Against
14%
1 The '59 Sound The Gaslight Anthem
14%
1 Glow On Turnstile
14%
2 Fishmonger, Wallsocket underscores
14%
1 Leaves Turn Inside You Unwound
14%
1 Holy Hell Architects
11%
1 TA13OO Denzel Curry
11%
1 Yank Crime Drive Like Jehu
11%
1 TRAUMA I Prevail
11%
1 Census Designated Jane Remover
11%
1 Wildlife La Dispute
11%
2 Randall King, Shot Glass Randall King
11%
1 Ghost Tropic Songs: Ohia
11%
1 Emergency & I The Dismemberment Plan
11%
6 Vheissu, To Be Everywhere Is to Be Nowhere, The Alchemy Index, The Artist in the Ambulance, Beggars, The Illusion of Safety Thrice
11%
4 A Long Way From Your Heart, Diamonds & Gasoline, Goodbye Normal Street, Turnpike Troubadours Turnpike Troubadours
11%
1 Define the Great Line Underoath
11%
1 hypochondriac brakence
7%
1 Perfect From Now On Built to Spill
7%
1 Low Teens Every Time I Die
7%
1 Joyce Manor Joyce Manor
7%
1 I Let It In and It Took Everything Loathe
7%
1 Tennessee Lucero
7%
1 Brother Sister mewithoutYou
7%
1 Document #8 pageninetynine
7%
2 The Limestone Kid, Probably Wrong Parker McCollum
7%
1 Cardinal Pinegrove
7%
1 Hail Mary Shane Smith & the Saints
7%
1 Sackcloth 'n' Ashes Sixteen Horsepower
7%
1 All We Love We Leave Behind Converge
4%
1 You Come Before You Poison the Well
4%
1 The Used The Used
4%
No matching quizzes found
Score Distribution
Percent of People with Each Score
Percentile by Number Answered
Your Score History
You have not taken this quiz since the last reset